[Event "HUN-chT2 Erkel 1819"]
[Site "Hungary"]
[Date "2019.02.10"]
[Round "5.12"]
[White "Bodrogi, Mihaly"]
[Black "Kertesz, Aron Borsa"]
[Result "0-1"]
[WhiteElo "1937"]
[BlackElo "1788"]
[PlyCount "86"]
[EventDate "2018.10.28"]
[EventType "team-tourn"]
[EventRounds "9"]
[EventCountry "HUN"]
[SourceTitle "EXT 2021"]
[Source "ChessBase"]
[SourceDate "2020.10.23"]
[SourceVersion "1"]
[SourceVersionDate "2020.10.23"]
[SourceQuality "1"]
[WhiteTeam "Budapest EAC"]
[BlackTeam "Sarkany DSE"]
[WhiteTeamCountry "HUN"]
[BlackTeamCountry "HUN"]

1. d4 Nf6 2. Nf3 g6 3. c4 Bg7 4. Nc3 d6 5. e3 0-0 6. Be2 Nc6 7. 0-0 e5 8. a3 Nd7 9. d5 Ne7 10. e4 f5 11. Bg5 h6 12. Bxe7 Qxe7 13. Rc1 f4 14. b4 b6 15. Qb3 g5 16. Nd2 Nf6 17. c5 g4 18. cxd6 cxd6 19. Nb5 Ne8 20. Qc2 f3 21. Bd1 fxg2 22. Kxg2 Bd7 23. Qd3 Bxb5 24. Qxb5 Nf6 25. Kh1 h5 26. Qe2 Bh6 27. Bc2 Nh7 28. Rcd1 Bxd2 29. Qxd2 Ng5 30. Qe3 Rf3 31. Qe1 Rh3 32. Rd3 Nf3 33. Rxf3 Rxf3 34. Bd1 Rf7 35. Qe3 Raf8 36. Qg3 Qf6 37. h3 Qf4 38. Qg2 Rg7 39. hxg4 hxg4 40. Kg1 Rf6 41. Re1 g3 42. f3 Rh6 43. Qc2 g2 0-1

[Event "Budapest Karacsonyi op 10th"]
[Site "Budapest"]
[Date "2018.12.30"]
[Round "6"]
[White "Molnar, Jozsef"]
[Black "Bodrogi, Mihaly"]
[Result "1-0"]
[WhiteElo "2096"]
[BlackElo "1929"]
[PlyCount "55"]
[EventDate "2018.12.27"]
[EventType "swiss"]
[EventRounds "7"]
[EventCountry "HUN"]
[SourceTitle "CBM 188 Extra"]
[Source "ChessBase"]
[SourceDate "2019.02.26"]
[SourceVersion "1"]
[SourceVersionDate "2019.02.26"]
[SourceQuality "1"]

1. e4 c5 2. Nf3 g6 3. c3 Bg7 4. d4 cxd4 5. cxd4 Nf6 6. Nc3 d5 7. e5 Ne4 8. Qb3 Nxc3 9. bxc3 0-0 10. Bd3 Nc6 11. 0-0 Na5 12. Qb4 Qc7 13. Ba3 Re8 14. Nd2 Be6 15. Rac1 Rac8 16. f4 a6 17. Qb1 b5 18. f5 gxf5 19. Bxf5 Bh6 20. Bxe6 fxe6 21. Rf7 Bg7 22. Nf3 Rf8 23. Ng5 Rxf7 24. Qxh7+ Kf8 25. Nxe6+ Ke8 26. Qg8+ Bf8 27. Nxc7+ Rxc7 28. e6 1-0

[Event "Budapest Karacsonyi op 10th"]
[Site "Budapest"]
[Date "2018.12.28"]
[Round "2"]
[White "Krizsany, Laszlo Sr"]
[Black "Bodrogi, Mihaly"]
[Result "0-1"]
[WhiteElo "1827"]
[BlackElo "1929"]
[PlyCount "91"]
[EventDate "2018.12.27"]
[EventType "swiss"]
[EventRounds "7"]
[EventCountry "HUN"]
[SourceTitle "CBM 188 Extra"]
[Source "ChessBase"]
[SourceDate "2019.02.26"]
[SourceVersion "1"]
[SourceVersionDate "2019.02.26"]
[SourceQuality "1"]

1. d4 g6 2. c4 Bg7 3. Nc3 c5 4. d5 d6 5. e4 e6 6. Bd3 Ne7 7. Nge2 0-0 8. 0-0 exd5 9. cxd5 f5 10. Bg5 h6 11. Bxe7 Qxe7 12. exf5 Bxf5 13. Bxf5 Rxf5 14. Ng3 Re5 15. Qd2 Qe8 16. Rfe1 Nd7 17. Nge4 Qb8 18. a4 a6 19. Re2 Qf8 20. f4 Re7 21. Rf1 Rae8 22. Kh1 Bxc3 23. Nxc3 Rxe2 24. Nxe2 Qe7 25. Nc3 Nf6 26. h3 Qe3 27. Qc2 Kg7 28. Rf3 Qe1+ 29. Kh2 Re3 30. Rxe3 Qxe3 31. g3 h5 32. Qg2 Kf7 33. Ne2 b5 34. axb5 axb5 35. Nc3 b4 36. Nb5 Ke7 37. Qc2 Ne4 38. Qg2 Qd2 39. Qxd2 Nxd2 40. g4 hxg4 41. hxg4 Nc4 42. Kg3 Nxb2 43. Kf3 Na4 44. Ke3 Nb6 45. f5 gxf5 46. gxf5 0-1

[Event "HUN-chT2 Erkel 1718"]
[Site "Hungary"]
[Date "2018.05.06"]
[Round "11.10"]
[White "Bodrogi, Mihaly"]
[Black "Nagy, Adrian"]
[Result "1-0"]
[WhiteElo "2028"]
[BlackElo "1569"]
[PlyCount "53"]
[EventDate "2017.09.24"]
[EventType "team-tourn"]
[EventRounds "11"]
[EventCountry "HUN"]
[SourceTitle "EXT 2021"]
[Source "ChessBase"]
[SourceDate "2020.10.23"]
[SourceVersion "1"]
[SourceVersionDate "2020.10.23"]
[SourceQuality "1"]
[WhiteTeam "Budapest EAC"]
[BlackTeam "Szada GSBE"]
[WhiteTeamCountry "HUN"]
[BlackTeamCountry "HUN"]

1. d4 e6 2. Nf3 d5 3. c4 Nf6 4. Nc3 Be7 5. g4 dxc4 6. e4 0-0 7. g5 Nfd7 8. Bxc4 Bb4 9. a3 Bxc3+ 10. bxc3 c5 11. Bd3 Nc6 12. Qc2 e5 13. d5 Ne7 14. h4 g6 15. Be3 b6 16. a4 a6 17. c4 a5 18. Bd2 Qc7 19. Bc3 f6 20. Qb2 fxg5 21. Nxe5 Nf6 22. hxg5 Ng4 23. f3 Nxe5 24. Bxe5 Qb7 25. Qh2 Rf7 26. Bf6 Kf8 27. e5 1-0

[Event "Budapest-chT1 Lilienthal 1718"]
[Site "Budapest"]
[Date "2018.03.18"]
[Round "12"]
[White "Bodrogi, Mihaly"]
[Black "Toth, Nikoletta"]
[Result "1-0"]
[WhiteElo "2013"]
[BlackElo "1966"]
[PlyCount "49"]
[EventDate "2017.10.01"]
[EventType "team-tourn"]
[EventRounds "13"]
[EventCountry "HUN"]
[SourceTitle "EXT 2021"]
[Source "ChessBase"]
[SourceDate "2020.10.23"]
[SourceVersion "1"]
[SourceVersionDate "2020.10.23"]
[SourceQuality "1"]
[WhiteTeam "Budapest EAC II"]
[BlackTeam "Barcza GSC"]
[WhiteTeamCountry "HUN"]
[BlackTeamCountry "HUN"]

1. d4 d5 2. Nf3 e6 3. c4 c5 4. Nc3 Nc6 5. e3 Nf6 6. dxc5 Bxc5 7. g4 dxc4 8. Qxd8+ Kxd8 9. Bxc4 Nxg4 10. Be2 Nb4 11. Kf1 Nf6 12. Rg1 Rg8 13. e4 Nc2 14. Rb1 e5 15. Rg3 Nh5 16. Rg5 Bh3+ 17. Kg1 g6 18. Rxe5 Bb6 19. a3 f6 20. Rd5+ Ke7 21. Bd2 Be6 22. Rc1 Bxd5 23. Nxd5+ Kd7 24. Bb5+ Ke6 25. Nxb6 1-0

[Event "Budapest-chT1 Lilienthal 1718"]
[Site "Budapest"]
[Date "2018.01.21"]
[Round "7"]
[White "Bodrogi, Mihaly"]
[Black "Juracsik, Jozsef"]
[Result "1/2-1/2"]
[WhiteElo "2013"]
[BlackElo "2102"]
[PlyCount "98"]
[EventDate "2017.10.01"]
[EventType "team-tourn"]
[EventRounds "13"]
[EventCountry "HUN"]
[SourceTitle "EXT 2021"]
[Source "ChessBase"]
[SourceDate "2020.10.23"]
[SourceVersion "1"]
[SourceVersionDate "2020.10.23"]
[SourceQuality "1"]
[WhiteTeam "Budapest EAC II"]
[BlackTeam "Siraly"]
[WhiteTeamCountry "HUN"]
[BlackTeamCountry "HUN"]

1. d4 Nf6 2. Nf3 g6 3. Nbd2 d5 4. c4 c6 5. e3 Bg7 6. b4 0-0 7. a4 dxc4 8. Bxc4 a5 9. b5 cxb5 10. axb5 Nbd7 11. 0-0 Nb6 12. Be2 Nfd5 13. Qb3 Be6 14. Nc4 Nf4 15. exf4 Rc8 16. Nfe5 Bxe5 17. dxe5 Bxc4 18. Bxc4 Nxc4 19. Rd1 Qb6 20. Ba3 Nxa3 21. Qxa3 Rc2 22. Rf1 Rd8 23. Qxe7 Rdd2 24. e6 Qxe6 25. Qxe6 fxe6 26. Rxa5 Rb2 27. g3 h5 28. h3 Kf7 29. Kg2 Rd3 30. Rc1 Rdd2 31. Rf1 Ke7 32. Kg1 Kd6 33. Ra8 Ke7 34. Ra5 Kf6 35. Ra7 b6 36. Raa1 Rxb5 37. Rab1 Rbb2 38. Rxb2 Rxb2 39. Rc1 b5 40. Rc7 g5 41. fxg5+ Kxg5 42. Rc5+ Kg6 43. Rc6 Kf5 44. g4+ hxg4 45. hxg4+ Kxg4 46. Rxe6 b4 47. Re8 b3 48. Re7 Rc2 49. Rb7 b2 1/2-1/2

[Event "Budapest-chT1 Lilienthal 1718"]
[Site "Budapest"]
[Date "2017.10.15"]
[Round "2"]
[White "Bodrogi, Mihaly"]
[Black "Horvath, Attila Bela"]
[Result "1-0"]
[WhiteElo "2013"]
[BlackElo "2001"]
[PlyCount "63"]
[EventDate "2017.10.01"]
[EventType "team-tourn"]
[EventRounds "13"]
[EventCountry "HUN"]
[SourceTitle "EXT 2021"]
[Source "ChessBase"]
[SourceDate "2020.10.23"]
[SourceVersion "1"]
[SourceVersionDate "2020.10.23"]
[SourceQuality "1"]
[WhiteTeam "Budapest EAC II"]
[BlackTeam "Fabulon"]
[WhiteTeamCountry "HUN"]
[BlackTeamCountry "HUN"]

1. d4 d5 2. Nf3 Nf6 3. c4 c6 4. Nc3 e6 5. e3 Bb4 6. Bd2 0-0 7. a3 Bxc3 8. Bxc3 Nbd7 9. Bd3 Re8 10. 0-0 Nf8 11. Ne5 Qc7 12. b4 b6 13. Rc1 Bb7 14. c5 Ng6 15. f4 bxc5 16. bxc5 Ne4 17. Qa4 a5 18. Rc2 f6 19. Nxg6 hxg6 20. Rb1 Ba6 21. Bxa6 Rxa6 22. Be1 Rb8 23. Rcb2 Rxb2 24. Rxb2 e5 25. fxe5 fxe5 26. Qb3 exd4 27. exd4 Qe7 28. Qb7 Ra7 29. Qxe7 Rxe7 30. Bxa5 Kf7 31. g3 Kf6 32. Bd8 1-0

[Event "HUN-chT2 Erkel 1617"]
[Site "Hungary"]
[Date "2016.09.25"]
[Round "1.7"]
[White "Bodrogi, Mihaly"]
[Black "Palla, Akos Botond"]
[Result "1-0"]
[WhiteElo "2066"]
[BlackElo "2045"]
[PlyCount "81"]
[EventDate "2016.09.25"]
[EventType "team-tourn"]
[EventRounds "11"]
[EventCountry "HUN"]
[SourceTitle "EXT 2021"]
[Source "ChessBase"]
[SourceDate "2020.10.23"]
[SourceVersion "1"]
[SourceVersionDate "2020.10.23"]
[SourceQuality "1"]
[WhiteTeam "Budapest EAC"]
[BlackTeam "Sarkany DSE"]
[WhiteTeamCountry "HUN"]
[BlackTeamCountry "HUN"]

1. d4 d5 2. Nf3 Nf6 3. c4 e6 4. Nc3 c6 5. e3 Nbd7 6. Qc2 Bd6 7. g4 Nxg4 8. Rg1 Nxh2 9. Nxh2 Bxh2 10. Rxg7 Qh4 11. e4 dxc4 12. Bxc4 Qf6 13. Rg2 Bf4 14. e5 Qh6 15. Bxf4 Qxf4 16. Ne4 c5 17. Bb5 cxd4 18. Rg4 Qxe5 19. 0-0-0 f5 20. Nd6+ Qxd6 21. Rgxd4 Qe5 22. Qd3 0-0 23. Bxd7 Bxd7 24. Rxd7 Qc5+ 25. Kb1 Qxf2 26. Qh3 Rf7 27. Rxf7 Kxf7 28. Qxh7+ Kf6 29. Qh6+ Ke5 30. Qg7+ Kf4 31. Rd4+ Kf3 32. Qxb7+ Ke3 33. Rc4 Qf1+ 34. Rc1 Qd3+ 35. Ka1 Kd2 36. Rh1 Rh8 37. Qg2+ Ke3 38. Qg1+ Ke4 39. Rxh8 f4 40. Qg6+ Kd4 41. Rd8+ 1-0

[Event "HUN-chT2 Erkel 1516"]
[Site "Hungary"]
[Date "2016.04.03"]
[Round "10.6"]
[White "Pallagi, Janos"]
[Black "Bodrogi, Mihaly"]
[Result "0-1"]
[WhiteElo "2020"]
[BlackElo "2015"]
[PlyCount "93"]
[EventDate "2015.09.13"]
[EventType "team-tourn"]
[EventRounds "11"]
[EventCountry "HUN"]
[SourceTitle "EXT 2017"]
[Source "ChessBase"]
[SourceDate "2016.10.25"]
[SourceVersion "1"]
[SourceVersionDate "2016.10.25"]
[SourceQuality "1"]
[WhiteTeam "Foti"]
[BlackTeam "Barcza BEAC"]
[WhiteTeamCountry "HUN"]
[BlackTeamCountry "HUN"]

1. d4 c5 2. d5 g6 3. e4 Bg7 4. c4 d6 5. Nc3 Bxc3+ 6. bxc3 Qa5 7. Qc2 Nf6 8. Bd3 Nbd7 9. Nf3 Ng4 10. 0-0 Nge5 11. Nxe5 Nxe5 12. Be2 f6 13. f4 Nf7 14. Bd3 Bd7 15. Be3 0-0-0 16. a4 b6 17. Bf2 g5 18. f5 h5 19. Rfb1 h4 20. Ra2 Ne5 21. Be2 Kc7 22. Rb5 Qa6 23. Rb1 Rb8 24. g4 hxg3 25. Bxg3 Bc8 26. Bxe5 dxe5 27. Qd3 Qa5 28. Bd1 Bd7 29. Rd2 Kd6 30. Ra2 Rh4 31. Rf2 Rbh8 32. Rbb2 Rh3 33. Rf3 Rxf3 34. Qxf3 Bxa4 35. Bxa4 Qxa4 36. Qe2 Qa1+ 37. Kg2 Rh4 38. Rc2 Qb1 39. h3 g4 40. Kg3 Rxh3+ 41. Kxg4 Qh1 42. Qg2 Qxg2+ 43. Rxg2 Rxc3 44. Kh5 Rxc4 45. Rg4 a5 46. Kg6 a4 47. Kf7 0-1

[Event "Budapest Art Pub op 9th"]
[Site "Budapest"]
[Date "2015.11.21"]
[Round "2"]
[White "Kovacs, Marton"]
[Black "Bodrogi, Mihaly"]
[Result "1/2-1/2"]
[WhiteElo "2141"]
[BlackElo "2015"]
[PlyCount "35"]
[EventDate "2015.11.20"]
[EventType "swiss"]
[EventRounds "6"]
[EventCountry "HUN"]
[SourceTitle "CBM 169 Extra"]
[Source "ChessBase"]
[SourceDate "2015.12.18"]
[SourceVersion "1"]
[SourceVersionDate "2015.12.18"]
[SourceQuality "1"]

1. d4 d5 2. c4 c6 3. Nc3 Nf6 4. Nf3 dxc4 5. a4 Bf5 6. e3 Na6 7. Bxc4 Nb4 8. 0-0 e6 9. Qe2 Be7 10. Ne5 h6 11. e4 Bh7 12. Rd1 0-0 13. Bf4 Qa5 14. Bb3 Rfd8 15. Nc4 Qh5 16. f3 c5 17. g4 Qh3 18. Be3 1/2-1/2

[Event "Budapest Art Pub op 9th"]
[Site "Budapest"]
[Date "2015.11.21"]
[Round "4"]
[White "Marcu, Simon"]
[Black "Bodrogi, Mihaly"]
[Result "1/2-1/2"]
[WhiteElo "1872"]
[BlackElo "2015"]
[PlyCount "107"]
[EventDate "2015.11.20"]
[EventType "swiss"]
[EventRounds "6"]
[EventCountry "HUN"]
[SourceTitle "CBM 169 Extra"]
[Source "ChessBase"]
[SourceDate "2015.12.18"]
[SourceVersion "1"]
[SourceVersionDate "2015.12.18"]
[SourceQuality "1"]

1. c4 e5 2. g3 g6 3. Bg2 Bg7 4. Nc3 Ne7 5. d3 Nbc6 6. e3 b6 7. b4 Rb8 8. b5 Na5 9. Bd2 Bb7 10. e4 Bc8 11. Nge2 Nb7 12. Be3 0-0 13. 0-0 d6 14. Nd5 Bd7 15. a4 c6 16. Nxe7+ Qxe7 17. Nc3 Rbc8 18. Qd2 Na5 19. Rab1 Be6 20. bxc6 Nxc6 21. Nd5 Qd7 22. Qb2 Bxd5 23. exd5 Na5 24. Qb5 Qc7 25. f4 f5 26. Kh1 Rfe8 27. fxe5 Bxe5 28. Bd2 Nb7 29. Bh6 Bg7 30. Bxg7 Kxg7 31. d4 Re7 32. Rfc1 Rce8 33. Bf3 h5 34. Rc3 Re1+ 35. Rxe1 Rxe1+ 36. Kg2 Qe7 37. Qb2 Qf6 38. Kf2 Re7 39. Qd2 Rc7 40. h4 Na5 41. Be2 Nb7 42. Re3 Re7 43. Rxe7+ Qxe7 44. Bf3 Na5 45. Qc3 Kh7 46. Qd3 Kg7 47. Qc3 Kg8 48. Qd3 Kh7 49. Qc2 Nb7 50. Qd2 Qf8 51. Qe3 Kg7 52. Kg2 Na5 53. Be2 Kf7 54. Kf2 1/2-1/2

[Event "Budapest Art Pub op 9th"]
[Site "Budapest"]
[Date "2015.11.20"]
[Round "1"]
[White "Bodrogi, Mihaly"]
[Black "Csajbok, Levente Tamas"]
[Result "1-0"]
[WhiteElo "2015"]
[BlackElo "1595"]
[PlyCount "75"]
[EventDate "2015.11.20"]
[EventType "swiss"]
[EventRounds "6"]
[EventCountry "HUN"]
[SourceTitle "CBM 169 Extra"]
[Source "ChessBase"]
[SourceDate "2015.12.18"]
[SourceVersion "1"]
[SourceVersionDate "2015.12.18"]
[SourceQuality "1"]

1. d4 Nf6 2. c4 g6 3. Nf3 Bg7 4. Nbd2 d5 5. cxd5 Qxd5 6. e4 Qa5 7. Bd3 c5 8. Qc2 Nbd7 9. 0-0 cxd4 10. Nb3 Qb6 11. Bf4 Ng4 12. Bc7 Qf6 13. Nbxd4 0-0 14. Rab1 Nge5 15. Be2 g5 16. Nf5 e6 17. Nxg7 Qxg7 18. Bd6 Re8 19. Nxe5 Nxe5 20. Bb5 Bd7 21. Bxe5 Qxe5 22. Bxd7 Red8 23. Rbd1 Rab8 24. Ba4 Rdc8 25. Qd2 Rc4 26. Bb3 Rxe4 27. Rfe1 Rxe1+ 28. Rxe1 Qc5 29. Qe3 Qxe3 30. Rxe3 Rc8 31. Rc3 Rxc3 32. bxc3 Kg7 33. f3 Kf6 34. Kf2 Ke5 35. Ke3 f5 36. g3 f4+ 37. gxf4+ gxf4+ 38. Kd3 1-0

[Event "Budapest Duna op"]
[Site "Budapest"]
[Date "2015.09.23"]
[Round "1"]
[White "Keschitz, Gyorgy"]
[Black "Bodrogi, Mihaly"]
[Result "1-0"]
[WhiteElo "2260"]
[BlackElo "2044"]
[PlyCount "79"]
[EventDate "2015.09.23"]
[EventType "swiss"]
[EventRounds "9"]
[EventCountry "HUN"]
[SourceTitle "CBM 168 Extra"]
[Source "ChessBase"]
[SourceDate "2015.10.29"]
[SourceVersion "1"]
[SourceVersionDate "2015.10.29"]
[SourceQuality "1"]

1. Nf3 c5 2. g3 Nc6 3. Bg2 g6 4. d3 Bg7 5. 0-0 Nf6 6. e4 0-0 7. Re1 e5 8. c3 d6 9. a4 a6 10. Bg5 Qc7 11. Na3 Rb8 12. Nc4 b5 13. axb5 axb5 14. Ne3 Ne7 15. d4 h6 16. dxe5 dxe5 17. Bxf6 Bxf6 18. Qd2 Rd8 19. Nd5 Nxd5 20. exd5 Kg7 21. h4 Qd6 22. Nh2 h5 23. Nf1 Bd7 24. Qe3 Ra8 25. Nd2 Bf5 26. Nb3 Rxa1 27. Rxa1 Be7 28. Re1 c4 29. Na5 Bf6 30. Nb7 Qd7 31. Nxd8 Qxd8 32. Qc5 Qa5 33. d6 Qa4 34. Bd5 Qc2 35. Qc7 Qd2 36. Qxf7+ Kh6 37. Re3 Qd1+ 38. Kg2 Bg7 39. d7 Bd3 40. Rxd3 1-0

[Event "Elekes Memorial op"]
[Site "Budapest"]
[Date "2015.07.21"]
[Round "4"]
[White "Piroska, Istvan"]
[Black "Bodrogi, Mihaly"]
[Result "0-1"]
[WhiteElo "2094"]
[BlackElo "2016"]
[PlyCount "78"]
[EventDate "2015.07.18"]
[EventType "swiss"]
[EventRounds "9"]
[EventCountry "HUN"]
[SourceTitle "EXT 2016"]
[Source "ChessBase"]
[SourceDate "2015.10.08"]
[SourceVersion "1"]
[SourceVersionDate "2015.10.08"]
[SourceQuality "1"]

1. e4 c5 2. Nf3 Nc6 3. d4 cxd4 4. Nxd4 g6 5. c4 Bg7 6. Be3 Nf6 7. Nc3 0-0 8. Be2 d6 9. 0-0 Bd7 10. Qd2 Nxd4 11. Bxd4 Bc6 12. Qd3 Nd7 13. Bxg7 Kxg7 14. Qd4+ Kg8 15. Rad1 a5 16. b3 Rc8 17. Kh1 Qb6 18. Qd2 Qb4 19. Bg4 Rc7 20. Bxd7 Rxd7 21. Qe3 a4 22. Nd5 Bxd5 23. Rxd5 Qa3 24. Ra5 Qxa2 25. Rxa4 Qb2 26. Rfa1 Kg7 27. R4a2 Qe5 28. Ra5 Qb2 29. h3 f5 30. exf5 Rxf5 31. R1a2 Qf6 32. Rxf5 Qxf5 33. Ra8 d5 34. cxd5 Qxd5 35. Re8 Qd6 36. h4 Qf6 37. g3 Kf7 38. Rc8 Qf5 39. Rc4 Qh3+ 0-1

[Event "Budapest Karacsonyi op 6th"]
[Site "Budapest"]
[Date "2014.12.30"]
[Round "7"]
[White "Bodrogi, Mihaly"]
[Black "Czibulka, Zoltan"]
[Result "1-0"]
[WhiteElo "2090"]
[BlackElo "2007"]
[PlyCount "118"]
[EventDate "2014.12.27"]
[EventType "swiss"]
[EventRounds "7"]
[EventCountry "HUN"]
[SourceTitle "EXT 2020"]
[Source "ChessBase"]
[SourceDate "2019.10.17"]
[SourceVersion "1"]
[SourceVersionDate "2019.10.17"]
[SourceQuality "1"]

1. d4 d5 2. c4 e6 3. Nc3 Nf6 4. Nf3 c6 5. Bg5 h6 6. Bxf6 Qxf6 7. e3 Nd7 8. h4 Qd8 9. Qc2 b6 10. Be2 Bb7 11. a4 Bb4 12. Rd1 a6 13. Kf1 Rc8 14. e4 dxe4 15. Nxe4 Qe7 16. Nc3 Kf8 17. Ne5 Nf6 18. Bd3 Kg8 19. Qb3 c5 20. Na2 Ba5 21. dxc5 Qxc5 22. Nf3 Be4 23. Be2 g6 24. Qe3 Qxe3 25. fxe3 Bc2 26. Ra1 Bb3 27. Nd4 Bxa2 28. Rxa2 Ne4 29. Rh3 Nd2+ 30. Kf2 e5 31. Nc2 Ne4+ 32. Kf1 Bd2 33. Bd3 Nc5 34. Ke2 Nxd3 35. Kxd3 Rd8+ 36. Ke2 a5 37. Rh1 Bb4 38. Nxb4 axb4 39. a5 b3 40. Ra3 bxa5 41. Rxb3 Rc8 42. Kd3 Kg7 43. Ra1 e4+ 44. Kc3 Rhd8 45. Rxa5 Rd3+ 46. Kb4 Rd2 47. Re5 Rb8+ 48. Rb5 Rbd8 49. c5 Rxg2 50. c6 Rc2 51. Rc3 Rxb2+ 52. Kc5 Rxb5+ 53. Kxb5 g5 54. c7 Rc8 55. hxg5 hxg5 56. Kc6 f5 57. Kd6 Kf6 58. Rc6 Rxc7 59. Kxc7+ Ke5 1-0

[Event "Budapest Karacsonyi op 6th"]
[Site "Budapest"]
[Date "2014.12.28"]
[Round "3"]
[White "Bodrogi, Mihaly"]
[Black "Molnar, Laszlo4444"]
[Result "1-0"]
[WhiteElo "2090"]
[BlackElo "2070"]
[PlyCount "129"]
[EventDate "2014.12.27"]
[EventType "swiss"]
[EventRounds "7"]
[EventCountry "HUN"]
[SourceTitle "EXT 2020"]
[Source "ChessBase"]
[SourceDate "2019.10.17"]
[SourceVersion "1"]
[SourceVersionDate "2019.10.17"]
[SourceQuality "1"]

1. d4 Nf6 2. Nf3 g6 3. Nbd2 Bg7 4. c4 0-0 5. e3 d6 6. Be2 Nbd7 7. 0-0 e5 8. Qc2 Qe7 9. dxe5 dxe5 10. e4 a5 11. b3 Nh5 12. Re1 Nf4 13. Bf1 Nf6 14. Bb2 Ng4 15. g3 Nh5 16. Rad1 f5 17. h3 Qc5 18. Nb1 fxe4 19. hxg4 Bxg4 20. Rd5 Qa7 21. Nxe5 Be6 22. Rd2 Nxg3 23. Bg2 Bh6 24. Bd4 Bxd2 25. Bxa7 Bxe1 26. Bc5 e3 27. Bxe3 Nf5 28. Bc5 Nd6 29. Qe2 Bb4 30. Bxb4 axb4 31. Qb2 Ra5 32. Nd2 c6 33. Nf1 Nf7 34. Nxf7 Rxf7 35. Ng3 Bf5 36. Qd2 Ra8 37. Nxf5 gxf5 38. c5 Kf8 39. Bf1 Rg7+ 40. Kh2 Re8 41. Bc4 Rg6 42. Qd7 Re7 43. Qd8+ Re8 44. Qd4 Ke7 45. Qe5+ Kd8 46. Qb8+ Ke7 47. Qxb7+ Kd8 48. Qb8+ Kd7 49. Qxb4 Re7 50. Qd2+ Kc7 51. Qf4+ Kb7 52. Bf1 Rf7 53. Bh3 Rfg7 54. Qd4 Kb8 55. Qd8+ Ka7 56. Qd4 Kb7 57. b4 Ka7 58. a4 Kb7 59. b5 Kc7 60. Qc3 Kb7 61. b6 Ka6 62. Bf1+ Kb7 63. a5 Rh6+ 64. Bh3 Rgg6 65. Qd3 1-0